Statistics for Also Known As #3

Click here to take the quiz!

General Stats

  • This quiz has been taken 27,481 times
  • The average score is 9 of 20

Answer Stats

ThisAlso Known As...% Correct
OrcaKiller Whale
89%
The Great WarWorld War I
88%
Academy AwardOscar
82%
ExtraterrestrialAlien
80%
Bishop of RomePope
78%
MyanmarBurma
66%
CanuckCanadian
50%
Mary I of EnglandBloody Mary
49%
Decompression SicknessThe Bends
43%
Republic of ChinaTaiwan
41%
Millennium WheelLondon Eye
35%
The ClapGonorrhea
34%
Willis TowerSears Tower
31%
Asia MinorAnatolia
24%
Islas MalvinasFalkland Islands
19%
QuakersFriends
14%
BrontosaurusApatosaurus
10%
Charles Lutwidge DodgsonLewis Carroll
10%
PepitaPumpkin Seed
9%
SyrahShiraz
9%

Score Distribution

Percentile by Number Answered

Percent of People with Each Score

Your Score History

You have not taken this quiz